000 00424nam a22001217a 4500
999 _c18757
_d18757
008 210209b xxu||||| |||| 00| 0 eng d
050 _aGMB0362
_b.R56 2016 c.1
100 _aRimu, Timothy Maina
245 _aEffect of stock market volatility on profitability of listed commercial banks in Kenya
_cTimothy Maina Rimu
260 _aKabarak, Nakuru, Kenya
_bKabarak University
_c2016
300 _a88 leaves
942 _2lcc
_cTHE